|
|
|
|
| LEADER |
00000cas a2200000 a 4500 |
| 001 |
vtls010208889 |
| 003 |
SK-MaSNL |
| 005 |
20260228161156.0 |
| 008 |
110204d20112018xo mr|p 0 b0cze |
| 022 |
|
|
|a 1338-9270
|y 1338-9297
|
| 040 |
|
|
|a SVKPO
|b slo
|c SVKPO
|d SNK
|e AACR2
|
| 041 |
0 |
|
|a cze
|
| 044 |
|
|
|a xo
|c SK
|
| 072 |
|
7 |
|a 641
|x Kuchárstvo. Potraviny. Varené jedlá
|2 konspekt
|
| 080 |
|
|
|a 641.53
|2 2011
|
| 080 |
|
|
|a 050
|2 2011
|
| 080 |
|
|
|a 641.526.2
|2 2011
|
| 210 |
0 |
|
|a Knih., Recepty
|
| 222 |
|
0 |
|a Knihovnička. Recepty
|
| 245 |
0 |
0 |
|a Knihovnička.
|p Recepty
|
| 246 |
1 |
0 |
|a Recepty
|
| 246 |
1 |
3 |
|a To nejlepší z ...
|
| 260 |
|
|
|a Velké Popovice
|b Genius Press
|a Spišské Vlachy
|b Genius Press SK
|c 2011-2018
|
| 300 |
|
|
|a 8 zv.
|c 30 cm
|
| 310 |
|
|
|a 1x mesačne
|
| 362 |
0 |
|
|a Č. 1 (2011)-č. 12 (2013) ; roč. 9, č. 1 (2014)- Roč. 13, č. 4 (2018)
|
| 500 |
|
|
|a Od r. 2005 vychádzal v ČR, od r. 2011 aj na Slovensku
|
| 500 |
|
|
|a Každé číslo zamerané monotematicky s podnázvom: To nejlepší z ...
|
| 500 |
|
|
|a Šéfredaktor: 2011-2018, Jiří Savinec
|
| 500 |
|
|
|a Registračné č.: MK SR EV 4233/10
|
| 500 |
|
|
|a Chybne uvedené ISSN patrí časopisu Dortománie
|
| 650 |
0 |
7 |
|a varenie
|2 SNKPH
|9 4177
|
| 650 |
0 |
7 |
|a pečenie (príprava jedál)
|2 SNKPH
|9 55369
|
| 655 |
|
7 |
|a kuchárske recepty
|2 SNKPH
|9 70493
|
| 700 |
1 |
|
|a Savinec, Jiří
|4 pbd
|9 268137
|
| 856 |
4 |
2 |
|u http://www.e-knihovnicka.cz/
|
| 910 |
|
|
|a snk
|
| 999 |
|
|
|c 4563
|d 6493
|
| 952 |
|
|
|0 0
|1 0
|4 0
|7 0
|8 0
|a SNK
|b SNK
|d 2019-06-21
|i snk2019/16946
|l 0
|o snkČSB 6601/12/2017
|p 17A1368888
|r 2026-02-21 20:18:52
|t č. 1-8
|w 2026-02-21
|y PREZ
|
| 952 |
|
|
|0 0
|1 0
|4 0
|7 0
|8 0
|a SNK
|b SNK
|d 2019-06-21
|i snk2019/16948
|l 0
|o snkČSB 6601/12/2017 D1
|p 17A1368889
|r 2026-02-21 20:18:52
|t č. 1-8
|w 2026-02-21
|y PREZ
|
| 952 |
|
|
|0 0
|1 0
|4 0
|7 0
|8 0
|a SNK
|b SNK
|d 2019-06-21
|i snk2019/16949
|l 0
|o snkČSB 6601/13/2018
|p 17A1368890
|r 2026-02-21 20:18:52
|t č. 1-4
|w 2026-02-21
|y PREZ
|
| 952 |
|
|
|0 0
|1 0
|4 0
|7 0
|8 0
|a SNK
|b SNK
|d 2019-06-21
|i snk2019/16950
|l 0
|o snkČSB 6601/13/2018 D1
|p 17A1368891
|r 2026-02-21 20:18:52
|t č. 1-4
|w 2026-02-21
|y PREZ
|
| 952 |
|
|
|0 0
|1 0
|4 0
|7 0
|8 0
|a SNK
|b SNK
|d 2018-01-31
|i snk2018/2795
|l 0
|o snkČSB 6601/6/2011
|p 17A1267294
|r 2026-02-21 22:26:30
|t č. 1-12, neúplné
|w 2026-02-21
|y PREZ
|z Chýba č. 1-10
|
| 952 |
|
|
|0 0
|1 0
|4 0
|7 0
|8 0
|a SNK
|b SNK
|d 2018-01-31
|i snk2018/2803
|l 0
|o snkČSB 6601/7/2012
|p 17A1267293
|r 2026-02-21 22:26:30
|t č. 1-12
|w 2026-02-21
|y PREZ
|
| 952 |
|
|
|0 0
|1 0
|4 0
|7 0
|8 0
|a SNK
|b SNK
|d 2018-01-31
|i snk2018/2806
|l 0
|o snkČSB 6601/8/2013
|p 17A1267292
|r 2026-02-21 22:26:30
|t č. 1-12
|w 2026-02-21
|y PREZ
|
| 952 |
|
|
|0 0
|1 0
|4 0
|7 0
|8 0
|a SNK
|b SNK
|d 2018-01-31
|i snk2018/2808
|l 0
|o snkČSB 6601/9/2014
|p 17A1267291
|r 2026-02-21 22:26:30
|t č. 1-12
|w 2026-02-21
|y PREZ
|
| 952 |
|
|
|0 0
|1 0
|4 0
|7 0
|8 0
|a SNK
|b SNK
|d 2018-01-31
|i snk2018/2811
|l 0
|o snkČSB 6601/10/2015
|p 17A1267290
|r 2026-02-21 22:26:30
|t č. 1-12
|w 2026-02-21
|y PREZ
|
| 952 |
|
|
|0 0
|1 0
|4 0
|7 0
|8 0
|a SNK
|b SNK
|d 2018-01-31
|i snk2018/2812
|l 0
|o snkČSB 6601/11/2016
|p 17A1267289
|r 2026-02-21 22:26:30
|t č. 1-12
|w 2026-02-21
|y PREZ
|
| 952 |
|
|
|0 0
|1 0
|4 0
|7 0
|8 0
|a SNK
|b SNK
|d 2018-01-31
|i snk2018/2817
|l 0
|o snkČSB 6601/6/2011 D1
|p 17A1267288
|r 2026-02-21 22:26:31
|t č. 1-12, neúplné
|w 2026-02-21
|y PREZ
|z Chýba č. 1-10
|
| 952 |
|
|
|0 0
|1 0
|4 0
|7 0
|8 0
|a SNK
|b SNK
|d 2018-01-31
|i snk2018/2818
|l 0
|o snkČSB 6601/7/2012 D1
|p 17A1267287
|r 2026-02-21 22:26:31
|t č. 1-12, neúplné
|w 2026-02-21
|y PREZ
|z Chýba č. 4, 7
|
| 952 |
|
|
|0 0
|1 0
|4 0
|7 0
|8 0
|a SNK
|b SNK
|d 2018-01-31
|i snk2018/2820
|l 0
|o snkČSB 6601/8/2013 D1
|p 17A1267286
|r 2026-02-21 22:26:31
|t č. 1-12, neúplné
|w 2026-02-21
|y PREZ
|z Chýba č. 6
|
| 952 |
|
|
|0 0
|1 0
|4 0
|7 0
|8 0
|a SNK
|b SNK
|d 2018-01-31
|i snk2018/2821
|l 0
|o snkČSB 6601/9/2014 D1
|p 17A1267285
|r 2026-02-21 22:26:31
|t č. 1-12
|w 2026-02-21
|y PREZ
|
| 952 |
|
|
|0 0
|1 0
|4 0
|7 0
|8 0
|a SNK
|b SNK
|d 2018-01-31
|i snk2018/2822
|l 0
|o snkČSB 6601/10/2015 D1
|p 17A1267284
|r 2026-02-21 22:26:31
|t č. 1-12, neúplné
|w 2026-02-21
|y PREZ
|z Chýba č. 8
|
| 952 |
|
|
|0 0
|1 0
|4 0
|7 0
|8 0
|a SNK
|b SNK
|d 2018-01-31
|i snk2018/2824
|l 0
|o snkČSB 6601/11/2016 D1
|p 17A1267283
|r 2026-02-21 22:26:31
|t č. 1-12, neúplné
|w 2026-02-21
|y PREZ
|z Chýba č. 1
|